Statistics for Top 50 Scorers in the Top 5 Leagues of the 2020s

Click here to take the quiz!

General Stats

  • This quiz has been taken 340 times
    (208 since last reset)
  • The average score is 37 of 53

Answer Stats

#GClub(s)CountryPlayer% Correct
869Juventus (50) & Manchester United (19)Cristiano Ronaldo
100%
298Borussia Dortmund (62) & Manchester City (36)Erling Haaland
100%
677Tottenham (77)Harry Kane
100%
391PSG (91)Kylian Mbappé
100%
1114Bayern Munich (91) & Barcelona (23)Robert Lewandowski
100%
774Liverpool (74)Mohamed Salah
99%
478Real Madrid (78)Karim Benzema
98%
1356Tottenham (56)Heung-min Son
97%
1164Barcelona (42) & PSG (22)Lionel Messi
97%
1453Inter Milan (45) & Chelsea (8)Romelu Lukaku
96%
1065Inter Milan (65)Lautaro Martínez
93%
478Lazio (78)Ciro Immobile
92%
2842Liverpool (35) & Bayern Munich (7)Sadio Mané
92%
1453Lille (3) & Napoli (50)Victor Osimhen
91%
1258Fiorentina (41) & Juventus (17)Dušan Vlahović
89%
4238Roma (16) & Inter Milan (22)Edin Džeko
88%
3839Leicester (39)Jamie Vardy
88%
4238Barcelona (6) & Atlético Madrid (32)Luis Suárez
87%
3540PSG (40)Neymar
87%
3839Real Sociedad (29) & Newcastle (10)Alexander Isak
84%
2049Arsenal (22) & Lyon (27)Alexandre Lacazette
84%
4637Manchester United (37)Marcus Rashford
84%
2544Manchester United (44)Bruno Fernandes
82%
4637AC Milan (37)Rafael Leão
82%
4238Manchester City (32) & Chelsea (6)Raheem Sterling
81%
4238Atlético Madrid (18) & Juventus (20)Álvaro Morata
80%
1652Lille (52)Jonathan David
78%
4637Lyon (20), Barcelona (13) & Atlético Madrid (4)Memphis Depay
78%
869Monaco (69)Wissam Ben Yedder
76%
1851Celta Vigo (51)Iago Aspas
74%
1652Frankfurt (37) & Leipzig (15)André Silva
70%
2544Leipzig (44)Christopher Nkunku
70%
2544Bayern Munich (44)Serge Gnabry
69%
2049Villarreal (49)Gerard Moreno
65%
3540Aston Villa (40)Ollie Watkins
65%
2842Leipzig (6) & Bayer Leverkusen (36)Patrik Schick
63%
4637Wolfsburg (35) & Burnley (2)Wout Weghorst
61%
3839Atalanta (39)Duván Zapata
60%
2345Hoffenheim (45)Andrej Kramarić
59%
3341Bournemouth (3) & Newcastle (38)Callum Wilson
55%
2842Atalanta (42)Luis Muriel
53%
1950Sassuolo (50)Domenico Berardi
52%
4637Southampton (22), Aston Villa (13) & West Ham (2)Danny Ings
43%
4637Stade de Reims (16), Villarreal (5) & Salernitana (16)Boulaye Dia
40%
4637Real Betis (37)Borja Iglesias
30%
3839Real Valladolid (5) & Getafe (34)Enes Ünal
30%
2345Alavés (29) & Espanyol (16)Joselu
22%
3540Lyon (1) & Rennes (39)Martin Terrier
20%
4637Nice (22) & Rennes (15)Amine Gouiri
16%
2842Metz (2) & Strasbourg (40)Habib Diallo
16%
2248Montpellier (21), Rennes (14) & Nice (13)Gaëtan Laborde
15%
2842Montpellier (20) & Nice (22)Andy Delort
10%
3341Sassuolo (24), Sampdoria (12) & Empoli (5)Francesco Caputo
9%

Score Distribution

Percentile by Number Answered

Percent of People with Each Score

Your Score History

You have not taken this quiz since the last reset